000
00248nam a22001097a 4500
040
_c
CL
100
_a
Muhammad Hassan Askari
_9
127805
245
_a
Talism e Hoshruba
260
_a
Lahore
_b
Alhamd Publications
300
_a
316p.
942
_2
ddc
_c
BK
999
_c
612818
_d
612818